Cuisine mexicaine - Statistiques

Statistiques générales
  • Ce quiz a été pris 21 fois
  • Le résultat moyen est 3 sur 16
Statistiques - réponses
Par images Réponse % Correct
tamal
67%
mole
50%
birria
28%
pozole
22%
tacos al pastor
22%
chilaquiles
17%
concha
17%
tacos de cochinita pibil
17%
aguachile
6%
chapulines
6%
chile en nogada
6%
pan de muerto
6%
torta ahogada
6%
mango con chamoy
0%
tacos de canasta
0%
tlayuda
0%
Aucun quiz correspondant
Distribution des résultats
% des personnes avec chaque résultat
Percentile par nombre de réponses
Votre historique - résultats
Vous n’avez pas pris ce quiz